000 00859nam a2200277Ia 4500
001 Para_4561
003 CHAP
008 220125s1947 xx 000 0 und d
010 _a203042
040 _cCHAP
090 _aPA FOLLETO 1844
100 _aYothers, M. A.
_9123181
245 _aA spray for destroying overwintering larvae of the codling moth on apple tree trunks /
_c M. A. Yothers, F. W. Carlson
260 _aWashington :
_b Department of Agriculture
300 _a7 p.
440 _aEUA. Dept. of Agriculture; E-712
_9168628
650 _aCarpocapsa pomonella Manzana
_x Plagas Insecticidas
_9168629
700 _aCarlson, F. M.
_918994
901 _aPA FOLLETO 1844
902 _aA
905 _a0000001947 WAS 0000000000 00
910 _a1947
942 _cPARA
942 _cPARA
_d1
999 _c203042
_d203042